书目信息 |
| 题名: |
计算机会计业务技能训练教程
|
|
| 作者: | 周国钢 著 | |
| 分册: | ||
| 出版信息: | 北京 中国人民大学出版社 2004 |
|
| 页数: | 432页 | |
| 开本: | 23cm | |
| 丛书名: | ||
| 单 册: | ||
| 中图分类: | F232 | |
| 科图分类: | ||
| 主题词: | 计算机应用 , 计算机应用--会计--技术培训--教材 | |
| 电子资源: | ||
| ISBN: | 7-300-05039-5(含光盘) | |
| 000 | 01184nam0 2200289 450 | |
| 000 | 01191nam0 2200289 450 | |
| 000 | 01124nam0 2200265 450 | |
| 000 | 01088oam2 2200253 45 | |
| 005 | 20070724104048.57 | |
| 010 | @a7-300-05039-5(含光盘)@dCNY38.00 | |
| 100 | @a20070626d2004 em y0chiy0120 ea | |
| 101 | 0 | @achi |
| 102 | @aCN@b110000 | |
| 105 | @ay z 000yy | |
| 200 | 1 | @a计算机会计业务技能训练教程@AJi Suan Ji Hui Ji Ye Wu Ji Neng Xun Lian Jiao Cheng@e财务业务一体化解决方案@ECai Wu Ye Wu Yi Ti Hua Jie Jue Fang An@f周国钢著@FZhou Guo Gang Zhu |
| 210 | @a北京@c中国人民大学出版社@d2004 | |
| 215 | @a432页@d23cm@e光盘1片 | |
| 300 | @a21世纪会计业务技能训练系列教程 | |
| 307 | @a附光盘 ISBN 7-900646-48-5 | |
| 330 | @a本书从管理、监管的角度和会计工作需要出发,以企业会计中的典型应用为主线,结合各专业核算子系统,归纳阐述系统初始化、日常业务处理、期末业务处理的企业计算机会计数据处理流程。 | |
| 517 | 1 | @a财务业务一体化解决方案@ACai Wu Ye Wu Yi Ti Hua Jie Jue Fang An |
| 606 | 0 | @a计算机应用 |
| 606 | 0 | @a计算机应用@x会计@x技术培训@j教材 |
| 690 | @aF232@v4 | |
| 701 | 0 | @a周国钢@AZhou Guo Gang@4著 |
| 801 | 0 | @aCN@bTAOJIN@c20070724 |
| 905 | @a10447@dF232@e285 | |
| 计算机会计业务技能训练教程:财务业务一体化解决方案/周国钢著.-北京:中国人民大学出版社,2004 |
| 432页;23cm+光盘1片 |
| 21世纪会计业务技能训练系列教程 |
| ISBN 7-300-05039-5(含光盘):CNY38.00 |
| 本书从管理、监管的角度和会计工作需要出发,以企业会计中的典型应用为主线,结合各专业核算子系统,归纳阐述系统初始化、日常业务处理、期末业务处理的企业计算机会计数据处理流程。 |
| ● |
| 相关链接 |
|
|
|
|
正题名:计算机会计业务技能训练教程
索取号:F232/285
 
预约/预借
| 序号 | 登录号 | 条形码 | 馆藏地/架位号 | 状态 | 备注 |
| 1 | 0824450 | 208244504 | 第一样本阅览室/ [索取号:F232/285] | 在馆 | |
| 2 | 0824451 | 208244513 | 第一借阅区/ [索取号:F232/285] | 在馆 | |
| 3 | 0824452 | 208244522 | 第一借阅区/ [索取号:F232/285] | 在馆 | |
| 4 | 0824453 | 208244531 | 密集书库/ [索取号:F232/285] | 在馆 | |
| 5 | 0824454 | 208244540 | 第一借阅区/ [索取号:F232/285] | 在馆 | |
| 6 | 0824455 | 208244559 | 密集书库/ [索取号:F232/285] | 在馆 | |
| 7 | 0824456 | 208244568 | 密集书库/ [索取号:F232/285] | 在馆 | |
| 8 | 0824457 | 208244577 | 第一借阅区/ [索取号:F232/285] | 在馆 |